8-Letter Geography Chain - Statistics

General Stats
  • This quiz has been taken 233 times
    197 since last reset
  • The average score is 12 of 20
Answer Stats
Hint Answer % Correct
City straddling Europe and Asia Istanbul
88%
U.S. gambling and foreclosure capital Las Vegas
84%
River flowing through the Grand Canyon Colorado
82%
Type of poem and Irish city Limerick
81%
Country led by Haile Selassie Ethiopia
79%
Capital and 2nd largest city in the United Arab Emirates Abu Dhabi
78%
Sea between Italy and the Balkans Adriatic
78%
Capital of South Australia Adelaide
76%
Indonesian volcano tha exploded in 1883 Krakatoa
71%
Formerly Dutch Guiana Suriname
70%
Formerly worth 12 pence Shilling
69%
American state north of Texas Oklahoma
67%
Oil produced mainly in Spain Olive Oil
54%
Largest city in Tajikistan Dushanbe
50%
Recently discovered (ex.______land, Canada) Newfound
49%
Italian name for John Giovanni
46%
Sweden's second largest city in Swedish Goteborg
29%
City home to the Americas largest mall Edmonton
27%
Confederacy of five Native American tribes Iroquois
24%
Brazilian State NE of Rio:_________Santo Espirito
18%
No matching quizzes found
Score Distribution
Percent of People with Each Score
Percentile by Number Answered
Your Score History
You have not taken this quiz since the last reset